Ukraine Or Belarus - Statistics

General Stats
  • This quiz has been taken 121 times
  • The average score is 12 of 15
Answer Stats
Question Answer % Correct
Which Country Was Part Of The Soviet Union Both
100%
Which Country Is In Europe Both
100%
Which Country Borders Kazakhstan None
100%
Which Country Has A Coast On The Black Sea Ukraine
100%
Which Country Borders Romania Ukraine
100%
Which Country Has More People Ukraine
100%
Which Country Is Landlocked Belarus
88%
Which Countries Leader Executed Somebody More Recently Belarus
88%
Which Country Is Further North Belarus
88%
Which Country Borders Poland Both
88%
Which Country Borders More Countries Ukraine
88%
In 1986 The Chernobyl Incident Occured In Which Country Ukraine
75%
Which Country Is Home To Wawel Castle None
38%
Which Country Has A Higher Vodka Consumption Ukraine
25%
Which Country Speaks The Most Russian Ukraine
0%
No matching quizzes found
Score Distribution
Percent of People with Each Score
Percentile by Number Answered
Your Score History
You have not taken this quiz